Score 0/10 Timer 01:00
2 Plays Today
% Correct
Association
95.8%
Absent
91.1%
Arab
90.8%
Acquired
87.4%
Acid
87.4%
Apparatus
87%
Atlantic
85.1%
Attention
83.4%
Access
83.1%
Amplification
81.4%

Today's Daily Dose

Remove Ads.
Support Sporcle.
Get the best of Sporcle when you Go Orange. This ad-free experience offers more features, more stats, and more fun while also helping to support Sporcle. Thank you for becoming a member.

You're not logged in!

Compare scores with friends on all Sporcle quizzes.
OR
Log In

Show Comments

Extras

Top Quizzes Today


Score Distribution

Your Account Isn't Verified!

In order to create a playlist on Sporcle, you need to verify the email address you used during registration. Go to your Sporcle Settings to finish the process.

Report this User

Report this user for behavior that violates our Community Guidelines.

Details: